| 000 | 00544nam a22001937a 4500 | ||
|---|---|---|---|
| 005 | 20251108164928.0 | ||
| 008 | 250721s1999 xx 000 0 ara d | ||
| 082 | 1 | 4 | _a811.9565/قيس |
| 100 | 1 | _aالقيسي، محمد | |
| 245 | 1 | 0 | _aالأعمال الشعرية / |
| 250 | _aط2. | ||
| 264 | 1 |
_aبيروت : _bالمؤسسة العربية للدراسات، _c1999. |
|
| 300 | _a3ج. | ||
| 650 | 1 | 7 | _aالشعر العربي |
| 650 | 1 | 7 | _aالأردن |
| 650 | 1 | 7 | _aالشعر المعاصر |
| 942 |
_2ddc _cREF |
||
| 999 |
_c17659 _d17659 |
||